00372nam a2200145Ia 4500008004100000020001400041041000800055082001700063100002000080245004400100250000600144260004500150300001100195650002000206210716s2004 xx 000 0 und d a195107233 aeng a621.384 COMD aComer, David J. aDigital logic and state machine design. a3 aNew DelhibOxford University Pressc2004 axv,573 aDigital Systems